[Event "Doeberl Cup"]
[Site "Canberra AUS"]
[Date "2008.03.21"]
[Round "3"]
[White "Smerdon, D."]
[Black "Zhang Zhong"]
[Result "1/2-1/2"]
[WhiteElo "2459"]
[BlackElo "2617"]
[PlyCount "115"]
[EventDate "2008.03.20"]
[Source "www.chesslib.no"]
[SourceDate "2004.05.04"]

1. e4 e5 2. Nf3 Nc6 3. Nc3 Nf6 4. d4 exd4 5. Nxd4 Bb4 6. Nxc6 bxc6 7. Bd3 d5 8. exd5 cxd5 9. O-O O-O 10. Bg5 c6 11. Qf3 Be7 12. Rae1 Re8 13. h3 Be6 14. Bf5 Nd7 15. Bxe7 Qxe7 16. Re2 Qb4 17. Rfe1 Nf8 18. b3 g6 19. Qg3 Re7 20. Na4 Rae8 21. c3 Qa3 22. Bc2 Bc8 23. Rxe7 Rxe7 24. Rxe7 Qxe7 25. b4 d4 26. cxd4 Qe1+ 27. Kh2 Qxb4 28. Qe5 Ne6 29. d5 cxd5 30. Qxd5 Bb7 31. Qb3 Qd6+ 32. Qg3 Nf4 33. Nc3 Qd2 34. Be4 Ba6 35. Qe3 Qxe3 36. fxe3 Ne6 37. Bd5 Nc5 38. Kg3 Kf8 39. Kf4 f6 40. h4 h6 41. Bb3 Bb7 42. Bd5 Ba6 43. Bb3 g5+ 44. hxg5 hxg5+ 45. Kf3 Ke7 46. Nd5+ Ke6 47. Nb4+ Nxb3 48. Nxa6 Nc1 49. a4 Nd3 50. Ke4 Nb2 51. Nc7+ Kd7 52. Nd5 Nxa4 53. Kf5 Nb6 54. Nxf6+ Ke7 55. Kxg5 a5 56. Ne4 Nd5 57. Nc5 Nxe3 58. g4 1/2-1/2

[Event "Haninge"]
[Site "Haninge"]
[Date "1992.??.??"]
[Round "7"]
[White "Hector, Jonny"]
[Black "Cifuentes Parada, Roberto"]
[Result "1-0"]
[WhiteElo "2535"]
[BlackElo "2540"]
[PlyCount "105"]
[EventDate "1992.05.??"]
[Source "ChessBase"]

1. e4 e5 2. Nf3 Nc6 3. Nc3 Nf6 4. d4 exd4 5. Nxd4 Bb4 6. Nxc6 bxc6 7. Bd3 d5 8. exd5 cxd5 9. O-O O-O 10. Bg5 c6 11. Na4 Be6 12. Qf3 Bd6 13. h3 Re8 14. b3 h6 15. Bh4 Rb8 16. c3 Be7 17. Rfe1 Qa5 18. Re2 Nd7 19. Bg3 Rbc8 20. Rae1 Bf6 21. Bc2 Qb5 22. Bd6 c5 23. Bf5 c4 24. Bc2 cxb3 25. axb3 Nb6 26. Be5 Bxe5 27. Rxe5 Nd7 28. R5e2 Nf6 29. Qf4 Re7 30. Qd4 Rec7 31. Re3 Qd7 32. Rg3 Nh5 33. Rf3 Qd8 34. Bd3 Nf6 35. Ba6 Rb8 36. Nc5 Qd6 37. Nxe6 fxe6 38. Bd3 Nd7 39. c4 Nf8 40. cxd5 Qxd5 41. Qf4 Qa5 42. Kh2 Rd8 43. Re5 Qb6 44. Rb5 Qc6 45. Rb4 Qd7 46. g3 Qe7 47. Qe4 Qd6 48. Ra4 Rdd7 49. Ra6 Qc5 50. b4 Qh5 51. Rxe6 Rxd3 52. Rxf8+ Kxf8 53. Qa8+ 1-0

[Event "ECC"]
[Site "Rethymnon"]
[Date "2003.09.28"]
[Round "1"]
[White "Paehtz, Elisabeth"]
[Black "Tkachiev, Vladislav"]
[Result "0-1"]
[WhiteElo "2417"]
[BlackElo "2654"]
[PlyCount "114"]
[EventDate "2003.09.28"]
[Source "Roberto Alvarez"]
[SourceDate "2003.10.06"]

1. e4 e5 2. Nf3 Nc6 3. Nc3 Nf6 4. d4 exd4 5. Nxd4 Bb4 6. Nxc6 bxc6 7. Bd3 d5 8. exd5 O-O 9. O-O cxd5 10. Bg5 c6 11. Qf3 Be7 12. Rfe1 Re8 13. Na4 h6 14. Bxf6 Bxf6 15. Rxe8+ Qxe8 16. c4 Qe5 17. Rd1 Be6 18. b3 Rc8 19. cxd5 cxd5 20. Qe3 Qxe3 21. fxe3 Bg4 22. Re1 Bh4 23. g3 Be7 24. Kg2 Ba3 25. Rf1 g6 26. Rf2 Re8 27. Nc3 Re5 28. e4 dxe4 29. Nxe4 Kg7 30. Bc4 f5 31. Nc3 g5 32. Rd2 f4 33. gxf4 gxf4 34. Rd4 f3+ 35. Kg3 Bh5 36. Rd7+ Kf8 37. Rd8+ Ke7 38. Rd5 Bd6 39. Kf2 Bc5+ 40. Kg3 Bd6 41. Kf2 Bg4 42. Rxe5+ Bxe5 43. Nd5+ Kd6 44. Ne3 Bd7 45. h4 Bf6 46. h5 Bc6 47. Kg3 Be5+ 48. Kg4 Bd4 49. Nf5+ Ke5 50. Nxh6 Ke4 51. Kg3 Be5+ 52. Kf2 Kf4 53. Nf7 Bd4+ 54. Ke1 f2+ 55. Ke2 Bg2 56. Kd2 Be3+ 57. Kd1 Bf3+ 0-1

[Event "Moscow Aeroflot op"]
[Site "Moscow"]
[Date "2002.02.05"]
[Round "2"]
[White "Potkin, Vladimir"]
[Black "Vescovi, Giovanni P"]
[Result "1/2-1/2"]
[WhiteElo "2481"]
[BlackElo "2590"]
[PlyCount "39"]
[EventDate "2002.02.04"]
[Source "ChessBase"]
[SourceDate "2002.03.21"]

1. e4 e5 2. Nf3 Nc6 3. Nc3 Nf6 4. d4 exd4 5. Nxd4 Bb4 6. Nxc6 bxc6 7. Bd3 d5 8. exd5 cxd5 9. O-O O-O 10. Bg5 c6 11. Na4 h6 12. Bh4 Re8 13. c3 Bd6 14. Re1 Rxe1+ 15. Qxe1 Bd7 16. Bg3 Bxg3 17. hxg3 Qa5 18. Bc2 Re8 19. Qd2 Bf5 20. Bxf5 1/2-1/2

[Event "Calviá ol (Men)"]
[Site "Mallorca"]
[Date "2004.10.16"]
[Round "2.16"]
[White "Egin, Vladimir"]
[Black "Sargissian, Gabriel"]
[Result "0-1"]
[WhiteElo "2459"]
[BlackElo "2611"]
[PlyCount "64"]
[EventDate "2004.10.15"]
[Source "Roberto Alvarez"]
[SourceDate "2004.10.18"]

1. e4 e5 2. Nf3 Nc6 3. Nc3 Nf6 4. d4 exd4 5. Nxd4 Bb4 6. Nxc6 bxc6 7. Bd3 d6 8. O-O h6 9. h3 O-O 10. Ne2 Re8 11. Ng3 Bc5 12. Re1 Nd7 13. Be3 Bb6 14. c3 Ne5 15. Bf1 Qh4 16. Qh5 Qxh5 17. Nxh5 Bxe3 18. Rxe3 a5 19. Rg3 Ng6 20. f4 Kh8 21. Bd3 a4 22. Rf1 Ra5 23. f5 Ne5 24. Rf4 g5 25. fxg6 fxg6 26. Nf6 Rf8 27. Nd5 Rxf4 28. Nxf4 g5 29. Ne2 c5 30. Re3 Be6 31. a3 Ra8 32. Ng3 Rb8 0-1

[Event "Moscow Tal Memorial"]
[Site "Moscow RUS"]
[Date "1992.??.??"]
[Round "?"]
[White "Rashkovsky, Nukhim N"]
[Black "Malaniuk, Vladimir P"]
[Result "1/2-1/2"]
[WhiteElo "2530"]
[BlackElo "2540"]
[PlyCount "32"]
[EventDate "1992.08.??"]
[Source "www.chesslib.no"]
[SourceDate "2004.05.04"]

1. e4 e5 2. Nf3 Nc6 3. Nc3 Nf6 4. d4 exd4 5. Nxd4 Bb4 6. Nxc6 bxc6 7. Bd3 d5 8. exd5 cxd5 9. O-O O-O 10. Bg5 c6 11. Ne2 Bg4 12. c3 Bc5 13. Qc2 h6 14. Bh4 Bxe2 15. Bxe2 g5 16. Bg3 Ne4 1/2-1/2

[Event "Alushta2"]
[Site "Alushta"]
[Date "1994.??.??"]
[Round "3"]
[White "Golubev, Mihail"]
[Black "Varavin, Viktor"]
[Result "1/2-1/2"]
[WhiteElo "2560"]
[BlackElo "2510"]
[PlyCount "37"]
[EventDate "1994.02.??"]
[Source "ChessBase"]

1. e4 e5 2. Nf3 Nc6 3. Nc3 Nf6 4. d4 exd4 5. Nxd4 Bb4 6. Nxc6 bxc6 7. Bd3 d5 8. exd5 Qe7+ 9. Qe2 Qxe2+ 10. Kxe2 Nxd5 11. Nxd5 cxd5 12. Bb5+ Bd7 13. Bxd7+ Kxd7 14. Rd1 Ke6 15. c4 dxc4 16. Rd4 Bd6 17. Rxc4 Rhb8 18. b3 a5 19. Bf4 1/2-1/2

[Event "EUCup Gr2"]
[Site "Portoroz SLO"]
[Date "1993.??.??"]
[Round "?"]
[White "Afek, Yochanan K"]
[Black "Sokolov, Ivan"]
[Result "0-1"]
[WhiteElo "2430"]
[BlackElo "2640"]
[PlyCount "74"]
[EventDate "1993.09.??"]
[Source "www.chesslib.no"]
[SourceDate "2004.05.04"]

1. e4 e5 2. Nf3 Nc6 3. Nc3 Nf6 4. d4 exd4 5. Nxd4 Bb4 6. Nxc6 bxc6 7. Bd3 d5 8. exd5 cxd5 9. O-O O-O 10. Bg5 c6 11. Ne2 Bd6 12. Nd4 Bc7 13. Re1 Qd6 14. g3 Bg4 15. Qd2 Rae8 16. Qc3 Ne4 17. Bxe4 dxe4 18. Bf4 Qd7 19. Bxc7 Qxc7 20. Qxc6 Qe5 21. c3 f5 22. f3 Bh3 23. Re2 Kh8 24. Rae1 Qe7 25. Qd5 Qf6 26. Qd7 h5 27. Rf2 h4 28. fxe4 hxg3 29. hxg3 Qg5 30. Rf3 Qd2 31. Re2 Qd1+ 32. Kh2 Bg4 33. Rff2 Bxe2 34. Rxe2 fxe4 35. Qd5 g6 36. Qg5 Rf7 37. g4 Rh7+ 0-1

[Event "CRO-chT"]
[Site "Pula"]
[Date "2001.09.17"]
[Round "8"]
[White "Sax, Gyula"]
[Black "Stevic, Hrvoje"]
[Result "1/2-1/2"]
[WhiteElo "2576"]
[BlackElo "2485"]
[PlyCount "20"]
[EventDate "2001.09.10"]
[Source "ChessBase"]
[SourceDate "2001.10.26"]

1. e4 e5 2. Nf3 Nc6 3. Nc3 Nf6 4. d4 exd4 5. Nxd4 Bb4 6. Nxc6 bxc6 7. Bd3 d5 8. exd5 cxd5 9. O-O O-O 10. Be3 c6 1/2-1/2

[Event "Groningen"]
[Site "Groningen"]
[Date "1992.??.??"]
[Round "3"]
[White "Rozentalis, Eduardas"]
[Black "Klovans, Janis"]
[Result "1-0"]
[WhiteElo "2590"]
[BlackElo "2470"]
[PlyCount "89"]
[EventDate "1992.12.??"]
[Source "ChessBase"]

1. e4 e5 2. Nf3 Nc6 3. Nc3 Nf6 4. d4 exd4 5. Nxd4 Bb4 6. Nxc6 bxc6 7. Bd3 d5 8. exd5 cxd5 9. O-O O-O 10. Nb5 Bg4 11. f3 Bd7 12. Bg5 Rb8 13. Nc3 c6 14. Kh1 Re8 15. Qc1 Qe7 16. Bh4 Bc5 17. Re1 Be3 18. Bxf6 gxf6 19. Qd1 f5 20. f4 d4 21. Ne2 Qh4 22. Rf1 c5 23. Rf3 Rb6 24. Qf1 Kh8 25. Rg3 Rg8 26. Rxg8+ Kxg8 27. Qf3 Bc6 28. Qg3+ Qxg3 29. Nxg3 Bxf4 30. Nxf5 Kf8 31. b3 Bd5 32. Rf1 Bc7 33. Kg1 Rf6 34. g3 Re6 35. Kf2 Ba5 36. Bc4 Bxc4 37. bxc4 Bd2 38. Rb1 Re8 39. Rb7 a5 40. Kf3 Re1 41. Rb8+ Re8 42. Rxe8+ Kxe8 43. Ke4 Kd7 44. Kd5 Bb4 45. g4 1-0

[Event "Rishon Le Ziyyon YM"]
[Site "Rishon Le Ziyyon"]
[Date "1995.??.??"]
[Round "4"]
[White "Sutovsky, Emil"]
[Black "Davies, Nigel R"]
[Result "1/2-1/2"]
[WhiteElo "2530"]
[BlackElo "2530"]
[PlyCount "47"]
[EventDate "1995.02.??"]
[Source "ChessBase"]

1. e4 e5 2. Nf3 Nc6 3. Nc3 Nf6 4. d4 exd4 5. Nxd4 Bb4 6. Nxc6 bxc6 7. Bd3 d5 8. exd5 cxd5 9. O-O O-O 10. Bg5 c6 11. Qf3 h6 12. Bf4 Bd6 13. Rfe1 Rb8 14. Na4 c5 15. b3 Be6 16. h3 Rb4 17. Bxd6 Qxd6 18. Rad1 Rc8 19. c3 Rbb8 20. Bf5 Re8 21. Bxe6 Rxe6 22. Rxe6 fxe6 23. Qe3 Nd7 24. Nb2 1/2-1/2

[Event "Frunze"]
[Site "Frunze"]
[Date "1983.??.??"]
[Round "?"]
[White "Rashkovsky, Nukhim N"]
[Black "Tseshkovsky, Vitaly"]
[Result "1/2-1/2"]
[WhiteElo "2495"]
[BlackElo "2560"]
[PlyCount "32"]
[EventDate "1983.05.??"]
[Source "ChessBase"]

1. e4 e5 2. Nf3 Nc6 3. Nc3 Nf6 4. d4 exd4 5. Nxd4 Bb4 6. Nxc6 bxc6 7. Bd3 O-O 8. O-O d5 9. exd5 cxd5 10. Bg5 c6 11. Qf3 Be7 12. h3 Nd7 13. Bxe7 Qxe7 14. Rfe1 Qf6 15. Qxf6 Nxf6 16. Re7 Bd7 1/2-1/2

[Event "Kopavogur"]
[Site "Kopavogur"]
[Date "1994.??.??"]
[Round "?"]
[White "Hebden, Mark"]
[Black "Emms, John M"]
[Result "1/2-1/2"]
[WhiteElo "2530"]
[BlackElo "2525"]
[PlyCount "97"]
[EventDate "1994.04.??"]
[Source "ChessBase"]

1. e4 e5 2. Nf3 Nc6 3. Nc3 Nf6 4. d4 exd4 5. Nxd4 Bb4 6. Nxc6 bxc6 7. Bd3 O-O 8. O-O d5 9. exd5 cxd5 10. Bg5 c6 11. Na4 h6 12. Bh4 Bd6 13. Re1 Rb8 14. c3 c5 15. Bc2 Bd7 16. Rb1 Bxa4 17. Bxa4 g5 18. Bg3 Bxg3 19. hxg3 Qd6 20. Qd3 Rfd8 21. Qf5 Kg7 22. b3 Rb7 23. Rbd1 Re7 24. Rxe7 Qxe7 25. Bb5 Rd6 26. Bf1 Re6 27. Qb1 Re5 28. Qc1 Qe6 29. Bd3 Ne4 30. b4 cxb4 31. cxb4 Qf6 32. Bxe4 Rxe4 33. Qd2 Qe5 34. Qxd5 Qxd5 35. Rxd5 Rxb4 36. Ra5 Rb7 37. g4 f6 38. g3 Kg6 39. Ra6 Rf7 40. Kg2 h5 41. Kh3 hxg4+ 42. Kxg4 Rc7 43. f4 Rc4 44. a4 Rb4 45. a5 Ra4 46. Rxa7 f5+ 47. Kf3 Ra3+ 48. Kf2 gxf4 49. gxf4 1/2-1/2

[Event "Cancan Veterans-Women"]
[Site "Roquebrune"]
[Date "1998.09.18"]
[Round "11"]
[White "Spassky, Boris V"]
[Black "Xie Jun"]
[Result "1/2-1/2"]
[WhiteElo "2545"]
[BlackElo "2510"]
[PlyCount "60"]
[EventDate "1998.09.07"]
[Source "ChessBase"]
[SourceDate "1998.11.30"]

1. e4 e5 2. Nf3 Nc6 3. Nc3 Nf6 4. d4 exd4 5. Nxd4 Bb4 6. Nxc6 bxc6 7. Bd3 O-O 8. O-O d5 9. exd5 cxd5 10. Bg5 c6 11. Na4 Bd6 12. c4 Rb8 13. Re1 h6 14. Bh4 Be6 15. cxd5 cxd5 16. Rc1 Rb4 17. Bg3 Bxg3 18. hxg3 Ng4 19. b3 Qf6 20. Qe2 Bf5 21. Nc5 Bxd3 22. Nxd3 Re4 23. Qb2 Qf5 24. f3 Rxe1+ 25. Nxe1 Nf6 26. Qd4 Nh5 27. g4 Qg5 28. Nd3 Ng3 29. Kf2 Qh4 30. Qe5 Ne4+ 1/2-1/2

[Event "Schuhplattler Veterans vs Ladies"]
[Site "Munich"]
[Date "2000.07.13"]
[Round "8"]
[White "Smyslov, Vassily"]
[Black "Xie Jun"]
[Result "1/2-1/2"]
[WhiteElo "2486"]
[BlackElo "2568"]
[PlyCount "44"]
[EventDate "2000.07.04"]
[Source "ChessBase"]
[SourceDate "2000.10.18"]

1. e4 e5 2. Nf3 Nc6 3. Nc3 Nf6 4. d4 exd4 5. Nxd4 Bb4 6. Nxc6 bxc6 7. Bd3 d5 8. exd5 cxd5 9. O-O O-O 10. Bg5 c6 11. Qf3 Bd6 12. Bxf6 Qxf6 13. Qxf6 gxf6 14. Ne2 Be6 15. Rad1 Rfd8 16. b3 c5 17. c4 dxc4 18. Bxc4 Be5 19. f4 Bxc4 20. bxc4 Bd4+ 21. Nxd4 cxd4 22. Rd3 Rab8 1/2-1/2

[Event "75th ch-GER"]
[Site "Hoeckendorf"]
[Date "2004.02.06"]
[Round "8"]
[White "Mueller, Karsten"]
[Black "Kritz, Leonid"]
[Result "1/2-1/2"]
[WhiteElo "2517"]
[BlackElo "2534"]
[PlyCount "75"]
[EventDate "2004.01.30"]
[Source "Roberto Alvarez"]
[SourceDate "2004.02.09"]

1. e4 e5 2. Nf3 Nc6 3. Nc3 Nf6 4. d4 exd4 5. Nxd4 Bb4 6. Nxc6 bxc6 7. Bd3 d5 8. exd5 cxd5 9. O-O O-O 10. Bg5 c6 11. Qf3 Bd6 12. h3 Rb8 13. Na4 Re8 14. Rad1 Be6 15. b3 h6 16. Bf4 Bxf4 17. Qxf4 Qe7 18. Rfe1 c5 19. c4 d4 20. Re2 Rbc8 21. Rde1 Qd7 22. g4 Qc6 23. f3 Bd7 24. Rxe8+ Rxe8 25. Rxe8+ Bxe8 26. Kf2 Qc8 27. Bf5 Qa6 28. Qb8 g6 29. Bd7 Nxd7 30. Qxe8+ Nf8 31. Nxc5 Qxa2+ 32. Kg3 Qa1 33. Kf2 Qa2+ 34. Qe2 Qa3 35. Qe5 Qa2+ 36. Kg3 Qa1 37. Kf2 Qa2+ 38. Kg3 1/2-1/2

[Event "Banja Luka"]
[Site "Banja Luka"]
[Date "1976.??.??"]
[Round "12"]
[White "Chekhov, Valery A"]
[Black "Lombardy, William James"]
[Result "1/2-1/2"]
[WhiteElo "2530"]
[BlackElo "2520"]
[PlyCount "45"]
[EventDate "1976.12.??"]
[Source "ChessBase"]

1. e4 e5 2. Nf3 Nc6 3. Nc3 Nf6 4. d4 exd4 5. Nxd4 Bb4 6. Nxc6 bxc6 7. Bd3 d5 8. exd5 cxd5 9. O-O O-O 10. Bg5 Be6 11. Qf3 h6 12. Bxf6 Qxf6 13. Qxf6 gxf6 14. Ne2 Bd6 15. Rac1 Rfb8 16. b3 a5 17. c4 dxc4 18. Bxc4 a4 19. Nd4 axb3 20. axb3 Bd7 21. Rc2 Ra5 22. Rd1 Rba8 23. h3 1/2-1/2

[Event "Kiev"]
[Site "?"]
[Date "1997.??.??"]
[Round "5"]
[White "Golubev Mihail"]
[Black "Frolov Artur"]
[Result "1/2-1/2"]
[WhiteElo "2530"]
[BlackElo "2515"]
[PlyCount "34"]
[EventDate "1997.??.??"]
[Source "www.chesslib.no"]
[SourceDate "2004.05.04"]

1. e4 e5 2. Nf3 Nc6 3. Nc3 Nf6 4. d4 exd4 5. Nxd4 Bb4 6. Nxc6 bxc6 7. Bd3 d5 8. exd5 O-O 9. O-O cxd5 10. Bg5 c6 11. Na4 h6 12. Bh4 Re8 13. c4 Bd6 14. cxd5 cxd5 15. Rc1 Bf4 16. Rc5 Qd6 17. Bxf6 Qxf6 1/2-1/2

[Event "EU-chT5 corr9498"]
[Site "?"]
[Date "1994.??.??"]
[Round "1.2"]
[White "Privara, Igor"]
[Black "Read, Michael John"]
[Result "1/2-1/2"]
[WhiteElo "2560"]
[BlackElo "2485"]
[PlyCount "86"]
[EventDate "1994.??.??"]
[Source "www.chesslib.no"]
[SourceDate "2004.05.04"]

1. e4 e5 2. Nf3 Nc6 3. Nc3 Nf6 4. d4 exd4 5. Nxd4 Bb4 6. Nxc6 bxc6 7. Bd3 d5 8. exd5 cxd5 9. O-O O-O 10. Bg5 c6 11. Ne2 Re8 12. c4 h6 13. Bh4 Ba6 14. Rc1 dxc4 15. Bxc4 Qxd1 16. Rfxd1 Bxc4 17. Rxc4 Rxe2 18. Bxf6 Rae8 19. g3 c5 20. Rg4 R2e6 21. Rd8 Rxd8 22. Bxd8 Re8 23. Bf6 Re6 24. Bd8 Re8 25. Bc7 Re7 26. Bf4 f5 27. Rg6 Re2 28. a3 Ba5 29. b3 Bc3 30. Ra6 Bd4 31. Rxa7 Rxf2 32. Be5 Rb2+ 33. Bxd4 cxd4 34. Rd7 Rxb3 35. Rxd4 Rxa3 36. Rd5 g6 37. Rd7 Ra6 38. h4 Rf6 39. Kg2 Rf7 40. Rd6 Kg7 41. Kf3 h5 42. Kf4 Kh6 43. Ra6 Re7 1/2-1/2

[Event "Minsk"]
[Site "Minsk"]
[Date "1994.??.??"]
[Round "1"]
[White "Kupreichik, Viktor D"]
[Black "Kovalev, Andrei"]
[Result "1/2-1/2"]
[WhiteElo "2515"]
[BlackElo "2530"]
[PlyCount "22"]
[EventDate "1994.02.??"]
[Source "ChessBase"]

1. e4 e5 2. Nf3 Nc6 3. Nc3 Nf6 4. d4 exd4 5. Nxd4 Bc5 6. Nxc6 bxc6 7. Bd3 d5 8. exd5 Qe7+ 9. Qe2 Qxe2+ 10. Bxe2 cxd5 11. Bd2 O-O 1/2-1/2

[Event "Banja Luka"]
[Site "Banja Luka"]
[Date "1976.??.??"]
[Round "14"]
[White "Chekhov, Valery A"]
[Black "Parma, Bruno"]
[Result "1/2-1/2"]
[WhiteElo "2530"]
[BlackElo "2515"]
[PlyCount "25"]
[EventDate "1976.12.??"]
[Source "ChessBase"]

1. e4 e5 2. Nf3 Nc6 3. Nc3 Nf6 4. d4 exd4 5. Nxd4 Bb4 6. Nxc6 bxc6 7. Bd3 d5 8. exd5 cxd5 9. O-O O-O 10. Bg5 c6 11. Qf3 Bd6 12. Rae1 h6 13. Bxf6 1/2-1/2

[Event "ROM-chT"]
[Site "Herculane"]
[Date "1996.??.??"]
[Round "?"]
[White "Istratescu, Andrei"]
[Black "Timoshenko, Georgy"]
[Result "1/2-1/2"]
[WhiteElo "2535"]
[BlackElo "2510"]
[PlyCount "29"]
[EventDate "1996.??.??"]
[Source "ChessBase"]

1. e4 e5 2. Nf3 Nc6 3. Nc3 Nf6 4. d4 exd4 5. Nxd4 Bb4 6. Nxc6 bxc6 7. Bd3 d5 8. exd5 cxd5 9. O-O O-O 10. Bg5 c6 11. Na4 h6 12. Bh4 Rb8 13. c4 Be7 14. Rc1 Be6 15. b3 1/2-1/2

[Event "Petroff Mem Open"]
[Site "?"]
[Date "2000.02.09"]
[Round "3"]
[White "Potkin Vladimir"]
[Black "Malaniuk Vladimir P"]
[Result "1/2-1/2"]
[WhiteElo "2471"]
[BlackElo "2572"]
[PlyCount "57"]
[EventDate "2000.??.??"]
[Source "www.chesslib.no"]
[SourceDate "2004.05.04"]

1. e4 e5 2. Nf3 Nc6 3. Nc3 Nf6 4. d4 exd4 5. Nxd4 Bb4 6. Nxc6 bxc6 7. Bd3 d5 8. exd5 cxd5 9. O-O O-O 10. Bg5 c6 11. Na4 h6 12. Bh4 Re8 13. c4 Bd6 14. cxd5 cxd5 15. Nc3 Be5 16. Bb5 Re6 17. Bxf6 Bxf6 18. Qxd5 Qxd5 19. Nxd5 Bxb2 20. Rad1 Bb7 21. Bc4 Rc8 22. Ne3 Re7 23. Nf5 Rec7 24. Bb3 Ba6 25. Rfe1 Ba3 26. Nd6 Bxd6 27. Rxd6 Bc4 28. Bxc4 Rxc4 29. Ra6 1/2-1/2

[Event "LADAC/CAPA"]
[Site "?"]
[Date "1998.10.04"]
[Round "?"]
[White "Ruefenacht Matthias (SUI)"]
[Black "Lopepe Pedro Antonio (ARG)"]
[Result "1/2-1/2"]
[WhiteElo "2520"]
[BlackElo "2521"]
[PlyCount "63"]
[EventDate "1998.??.??"]
[Source "www.chesslib.no"]
[SourceDate "2004.05.04"]

1. e4 e5 2. Nf3 Nc6 3. Nc3 Nf6 4. d4 exd4 5. Nd5 Be7 6. Bc4 O-O 7. O-O d6 8. Nxd4 Nxd4 9. Qxd4 Nxd5 10. Bxd5 Bf6 11. Qd3 c6 12. Bb3 Be6 13. c3 Qe7 14. Bc2 g6 15. f4 Rad8 16. f5 Bc8 17. Be3 b6 18. Bb3 Be5 19. Rf3 Qh4 20. Rh3 Qe7 21. Rf1 d5 22. exd5 cxd5 23. Bc2 Rd6 24. Qd2 Re8 25. fxg6 hxg6 26. Rhf3 Rf6 27. Rxf6 Bxf6 28. Bf2 Qd8 29. Ba4 Bd7 30. Bxd7 Qxd7 31. Qd3 Qc6 32. Rd1 1/2-1/2

[Event "ARG-ch"]
[Site "Pena City"]
[Date "1996.??.??"]
[Round "7"]
[White "Spangenberg, Hugo"]
[Black "Soppe, Guillermo"]
[Result "1-0"]
[WhiteElo "2555"]
[BlackElo "2485"]
[PlyCount "111"]
[EventDate "1996.10.??"]
[Source "ChessBase"]

1. e4 e5 2. Nf3 Nc6 3. Nc3 Nf6 4. d4 exd4 5. Nxd4 Bb4 6. Nxc6 bxc6 7. Bd3 d5 8. exd5 Qe7+ 9. Qe2 cxd5 10. Qxe7+ Kxe7 11. Bd2 Be6 12. Na4 Bxd2+ 13. Kxd2 Rab8 14. Rab1 Kd6 15. b4 Nd7 16. Rb2 h5 17. Rc1 h4 18. c4 h3 19. c5+ Ke7 20. g3 Ne5 21. f4 Nc4+ 22. Bxc4 dxc4 23. Re1 Rhd8+ 24. Kc1 Kf8 25. Re3 Rd4 26. Nc3 Rbd8 27. Rf2 g6 28. b5 Bf5 29. a4 Be6 30. a5 Bf5 31. a6 Be6 32. Ree2 Rd3 33. Rc2 Rb8 34. Rfd2 Re3 35. Kb2 Bf5 36. Rc1 Be6 37. Ka2 Rf3 38. Rb2 Rd3 39. Ka3 Rd4 40. Kb4 Bd7 41. Ka5 Bg4 42. Rcc2 Rd3 43. b6 cxb6+ 44. cxb6 axb6+ 45. Rxb6 Ra8 46. Nb5 Bf3 47. Rc3 Rxc3 48. Nxc3 Rd8 49. Rb2 Ke7 50. Rf2 Bg2 51. Kb4 Rc8 52. a7 Kd6 53. Nb5+ Ke6 54. Re2+ Kd7 55. Rd2+ Ke7 56. Ra2 1-0

[Event "Cappelle op"]
[Site "Cappelle la Grande"]
[Date "1998.??.??"]
[Round "3"]
[White "Kobalija, Mihail"]
[Black "Stefansson, Hannes"]
[Result "1/2-1/2"]
[WhiteElo "2500"]
[BlackElo "2540"]
[PlyCount "42"]
[EventDate "1998.02.21"]
[Source "ChessBase"]
[SourceDate "1998.04.29"]

1. e4 e5 2. Nf3 Nc6 3. Nc3 Nf6 4. d4 exd4 5. Nxd4 Bb4 6. Nxc6 bxc6 7. Bd3 d5 8. exd5 cxd5 9. O-O O-O 10. Bg5 c6 11. Na4 h6 12. Bh4 Re8 13. c4 Be6 14. Rc1 Bf8 15. cxd5 Bxd5 16. Nc3 Rb8 17. Qc2 Bb4 18. Bg3 Nh5 19. Nxd5 cxd5 20. Bc7 Qf6 21. b3 Nf4 1/2-1/2